Word Insertion Puzzle #1 - Statistics

General Stats
  • This quiz has been taken 172 times
  • The average score is 13 of 21
Answer Stats
Hint Explanation Answer % Correct
Trom____ Trombone Bone
81%
Res___ch Research Ear
80%
Pota___s Potatoes Toe
79%
W____chair Wheelchair Heel
74%
Pr___d Preyed Eye
73%
Na____ Napalm Palm
73%
C____ing Climbing Limb
66%
Col___e College Leg
62%
F___pant Flippant Lip
62%
Or_____ra Orchestra Chest
61%
_____el Scalpel Scalp
61%
De_____y Delivery Liver
60%
Resur____ Resurface Face
59%
Man____le Manhandle Hand
59%
Cont___ute Contribute Rib
57%
Spe___int Spearmint Arm
55%
P____er Plunger Lung
55%
Shoe____e Shoeshine Shin
55%
Mau____um Mausoleum Sole
50%
Ar___ent Argument Gum
49%
Na____cond Nanosecond Nose
40%
No matching quizzes found
Score Distribution
Percent of People with Each Score
Percentile by Number Answered
Your Score History
You have not taken this quiz